000 01514nam2a2200349 4500
001 RU\NLR\DIGIT\55148
005 20250806203511.0
035 _a(NLR Aleph) 010126066
090 _a41058
_c41058
100 _a20250806 rusy50
101 0 _arus
102 _aRU
135 _acrzn 008aaaup
200 1 _a1943, № 67(2478) (24 марта)
210 _aХанты-Мансийск
_d1943
215 _a2 с.
325 _aStalinskaya_tribuna_1943_N067
325 _aКопия доступна в Электрон. б-ке РНБ http://vivaldi.nlr.ru/pn000007258/view
461 0 _1001RU\NLR\DIGIT\35024
_12001#$aСталинская Трибуна$eОрган Ханты-Мансийского окружкома и Самаровского райкома ВКП(б) и Ханты-Мансийского окрсовета депутатов трудящихся$v1943, № 67(2478) (24 марта)
801 2 _aRU
_bNLR
_c20070626
_2rusmarc
852 _aNLR
_jР 2460, С 40145
856 0 _uhttp://vivaldi.nlr.ru/pn000007258/view
856 1 _uhttp://vivaldi.nlr.ru/pn000007258/cover
856 2 _uhttp://vivaldi.nlr.ru/pn000007258/text
942 _cISSNP
945 _aРоссийская национальная библиотека
980 _aNB
980 _aBV
981 3 6 _a(36) Цифровой репозиторий РНБ
981 2 7 _a(27) Периодические издания
_b(27) Газеты